000 00462nam a2200193Ia 4500
005 20230722165340.0
008 230524s9999 xx 000 0 und d
020 _a9788126518784
082 _a621
_bAGR
100 _aBasant Agrawal
245 0 _aBasic Mechanical Engineering
250 _a1
260 _aDelhi
_bWiley
_c2016
300 _a"Xvii,370p;"
500 _aQuantity Number: 15
650 _aMECHANICAL
700 _aC.M.Agrawal
942 _cBK
999 _c58374
_d58374